Spinors in physics by Jean Hladik. Tr by J Michael Cole (Record no. 1211694)
[ view plain ]
| 000 -LEADER | |
|---|---|
| fixed length control field | 01171nam a2200301Ia 4500 |
| 003 - CONTROL NUMBER IDENTIFIER | |
| control field | OSt |
| 005 - DATE AND TIME OF LATEST TRANSACTION | |
| control field | 20221007123324.0 |
| 008 - FIXED-LENGTH DATA ELEMENTS--GENERAL INFORMATION | |
| fixed length control field | 221006b |||||||| |||| 00| 0 eng d |
| 020 ## - INTERNATIONAL STANDARD BOOK NUMBER | |
| International Standard Book Number | 0387986472 (New York:hbd) |
| 037 ## - SOURCE OF ACQUISITION | |
| Terms of availability | Textual |
| 040 ## - CATALOGING SOURCE | |
| Original cataloging agency | PAPL |
| Transcribing agency | PAPL |
| Language of cataloging | eng |
| 041 ## - LANGUAGE CODE | |
| Source of code | eng |
| Language code of text/sound track or separate title | eng |
| 100 ## - MAIN ENTRY--PERSONAL NAME | |
| Personal name | Hladik Jean |
| 9 (RLIN) | 717084 |
| 245 #0 - TITLE STATEMENT | |
| Title | Spinors in physics by Jean Hladik. Tr by J Michael Cole |
| 260 ## - PUBLICATION, DISTRIBUTION, ETC. | |
| Place of publication, distribution, etc. | New |
| Name of publisher, distributor, etc. | York Springer |
| Date of publication, distribution, etc. | 1999 |
| 300 ## - PHYSICAL DESCRIPTION | |
| Extent | xi,226p |
| Dimensions | cm. |
| 490 ## - SERIES STATEMENT | |
| Volume/sequential designation | Tr of French text:Les spineures en physique |
| Series statement | Graduate texts in contemporary physics |
| 500 ## - GENERAL NOTE | |
| General note | Appendix A.1-A.6, 197-219p; Bibliographcal references 221-222p; Index 223-226p; ^n23/CSL/CARPA/DSA/99-2000/933^d2000-03-25^mPurchase; ; 99-2000/464^b2000-03-29^cATB/147^d2000-03-25^eRs.4,054.70^fAshutosh Technical Books; ; 2000-04-19^c2000-06-17^dRPS^r2000-07-17 |
| 650 ## - SUBJECT ADDED ENTRY--TOPICAL TERM | |
| Topical term or geographic name entry element | Quantum mechanics |
| 650 ## - SUBJECT ADDED ENTRY--TOPICAL TERM | |
| Topical term or geographic name entry element | Spinor analysis |
| 9 (RLIN) | 717085 |
| 650 ## - SUBJECT ADDED ENTRY--TOPICAL TERM | |
| Topical term or geographic name entry element | Physics |
| 942 ## - ADDED ENTRY ELEMENTS (KOHA) | |
| Classification part | CN1:(B6), N9 |
| Koha item type | Textual |
| Source of classification or shelving scheme | Colon Classification (CC) |
| Withdrawn status | Lost status | Source of classification or shelving scheme | Damaged status | Not for loan | Home library | Current library | Date acquired | Source of acquisition | Serial Enumeration / chronology | Total Checkouts | Full call number | Barcode | Date last seen | Price effective from | Koha item type |
|---|---|---|---|---|---|---|---|---|---|---|---|---|---|---|---|
| Colon Classification (CC) | Department of Physics and Astrophysics Library | Department of Physics and Astrophysics Library | 2022-10-07 | Ashutosh, | Tr of French text:Les spineures en physique | CN1:(B6) N9 | PA0005252 | 2022-10-07 | 2022-10-07 | Textual |
